[Event "USA-ch Junior Girls 2018"]
[Site "Saint Louis"]
[Date "2018.07.18"]
[Round "6"]
[White "Yip, Carissa"]
[Black "Morris-Suzuki, Sophie"]
[Result "0-1"]
[WhiteElo "2364"]
[BlackElo "1980"]
[Annotator "TA"]
[PlyCount "96"]
[EventDate "2018.07.12"]
[EventType "tourn"]
[EventCountry "USA"]
[SourceTitle "playchess.com"]
[Source "ChessBase"]
[SourceQuality "1"]

{[%evp 29,96,30,50,5,13,6,21,-16,-20,-22,-9,-5,0,-2,0,8,0,0,0,16,7,0,21,0,6,-13,47,46,40,39,45,46,54,50,54,50,61,-300,-300,-301,-289,-383,-378,-593,-87,-73,-44,-369,-125,-397,-397,-449,-479,-899,-887,-875,-864,-856,-837,-814,-767,-911,-909,-871,-873,-817,-787,-29990,-29991]} 1. Nf3 Nf6 2. g3 b6 3. Bg2 Bb7 4. O-O e6 5. c4 Be7 6. b3 O-O 7. Bb2 c5 8. d4 cxd4 9. Qxd4 d6 10. Nc3 a6 11. Rfd1 Nbd7 12. Rac1 Qc7 13. h3 Rfe8 {A30: Symmetrical English: Double Fianchetto and Hedgehog} 14. e4 Bf8 15. Qe3 Rad8 {[#] LiveBook: 6 Games. White has an edge.} 16. Kh1 $146 ({Predecessor:} 16. Nd4 Qb8 17. Qd3 Ba8 18. a4 g6 19. Qb1 Bg7 20. Ba3 Ne5 21. Rc2 d5 22. cxd5 exd5 {½-½ (128) Sanal,V (2551)-Georgiev,K (2623) Riadh 2017}) 16... Qb8 17. Qe2 g6 18. Re1 Bg7 19. Ba1 Nc5 20. Nd2 d5 {Threatening ...d4.} 21. e5 Nh5 22. b4 $36 {[%mdl 2048] White has the initiative.} Nd7 $1 {[%cal Rg7e5]} 23. Ncb1 Bf8 24. a3 Qa8 25. Kh2 a5 26. Bc3 (26. Nc3 {feels hotter.} axb4 27. axb4 d4 28. Bxb7 Qxb7 29. Nb5) 26... axb4 27. axb4 d4 ({Better is} 27... Ng7 $11) 28. Bxb7 $14 Qxb7 29. Bxd4 Bxb4 30. Nc3 Ng7 31. g4 Qb8 32. Kg1 Nc5 33. Qe3 $2 {[%mdl 8192] [#]} (33. Nb5 $14 {keeps the upper hand.}) 33... Rxd4 $1 $19 {[%mdl 512]} 34. Qxd4 {Hoping for Qe3.} Rd8 35. Qf4 {Strongly threatening Nde4.} Nd3 $1 {[%csl LRc1,LRe1,LRf4]} 36. Qh6 (36. Qe4 {is a better defense.} Nxc1 37. Rxc1 Rxd2 38. Ra1) 36... Bf8 $2 (36... Nxe1 $19 {is more deadly.} 37. Nce4 Bxd2 38. Nxd2 Qxe5) 37. Nce4 {White wants to mate with Nf6+.} Nh5 {[%mdl 1024] Black has strong compensation.} (37... Ne8 $5 {[%cal Rf8h6]} 38. Qh4 Nxc1 39. Rxc1 Rd3 $15) 38. Qg5 $2 {[%mdl 8192] [#]} (38. Qe3 $15 Nhf4 39. Rb1) 38... h6 $2 (38... Nhf4 $1 $19 {[%cal Rf4h3] and Black stays clearly on top.} 39. Kf1 (39. Nf6+ $2 Kh8 $19) 39... h6) 39. Qh4 $2 {[%mdl 8192]} (39. Qe3 $17 Nhf4 40. Rb1) 39... Nhf4 40. Nf6+ Kh8 41. Nb3 (41. Nfe4 $142 Nxc1 42. Qf6+ Bg7 43. Qxf4) 41... Nxe1 42. Rxe1 g5 43. Qg3 Rd3 44. Re3 {[#]} Rxb3 $1 {[%mdl 512]} 45. Qf3 {[#]} (45. Rxb3 Ne2+) 45... Qxe5 $1 {[%mdl 512]} 46. Rxb3 (46. Rxe5 Rxf3) 46... Qa1+ 47. Kh2 Bd6 {( -> ...Ne2+)} 48. Rb1 Ng6+ {Precision: White = 34%, Black = 59%.} 0-1

[Event "USA-ch Junior Girls 2018"]
[Site "Saint Louis"]
[Date "2018.07.18"]
[Round "6"]
[White "Yu, Jennifer"]
[Black "Matus, Nastassja"]
[Result "1-0"]
[WhiteElo "2358"]
[BlackElo "1960"]
[Annotator "TA"]
[PlyCount "63"]
[EventDate "2018.07.12"]
[EventType "tourn"]
[EventCountry "USA"]
[SourceTitle "playchess.com"]
[Source "ChessBase"]
[SourceQuality "1"]

{[%evp 26,62,37,32,35,39,50,59,51,46,62,59,54,40,75,36,90,68,108,115,269,156,368,254,369,352,1557,1543,2044,1173,2328,3327,29993,29984,29998,29997,29998,29999,29999]} 1. c4 c6 2. d4 d5 3. Nf3 Nf6 4. e3 e6 5. b3 Nbd7 6. Bd3 Bd6 7. Bb2 O-O 8. O-O b6 9. Nc3 Bb7 10. Qc2 h6 {D45: Semi-Slav: 5 e3} (10... Qe7 11. Rad1 Rfe8 12. e4 dxc4 13. Bxc4 b5 14. Bd3 e5 15. Ne2 c5 16. dxe5 Nxe5 17. Nxe5 Bxe5 18. Bxe5 Qxe5 19. Bxb5 Qxe4 20. Qxe4 Rxe4 {½-½ (31) Shankland,S (2671)-Dreev,A (2653) Havana 2018}) 11. Rad1 Rc8 12. e4 dxe4 13. Nxe4 Nxe4 14. Bxe4 {LiveBook: 3 Games} Nf6 15. Bd3 Qc7 16. c5 $146 ({Predecessor:} 16. Rfe1 Rfd8 17. c5 Be7 18. b4 {1-0 (72) Dovramadjiev,T (2342)-Deviatkin,A (2528) playchess.com INT 2006}) 16... Be7 $1 17. Ne5 Nd5 18. a3 Bf6 19. Rfe1 Rfd8 20. g3 Rb8 ({Better is} 20... Bxe5 $14 21. Rxe5 (21. dxe5 bxc5 22. Qxc5 Qb6 $14) 21... Rd7) 21. Ng4 $16 Qc8 22. Qe2 Ba8 $2 (22... h5 $16 23. Nxf6+ Nxf6) 23. Bc2 (23. Qe4 $18) 23... Qc7 $2 (23... Be7 $16 {was worth a try.} 24. Kg2 f5) 24. Qe4 {[#] Strongly threatening Qh7+.} Kf8 (24... g6 $142 25. Nxf6+ (25. Nxh6+ Kh8 $16) 25... Nxf6) 25. Qh7 $18 Ke7 $2 (25... Qd7 26. Nxf6 Nxf6 27. Qh8+ Ke7 28. Qxg7 Qd5) 26. Nxf6 {White threatens Rxe6+! and mate.} Nxf6 27. Qxg7 Rg8 {[#]} 28. Rxe6+ $1 {[%mdl 512]} Kxe6 29. Re1+ {White mates.} Kd5 30. Qxf6 {[%cal Rf6f3]} Rbe8 31. Qf3+ Re4 32. Qxe4# {Precision: White = 73%, Black =  2%.} 1-0

[Event "USA-ch Junior Girls 2018"]
[Site "Saint Louis"]
[Date "2018.07.18"]
[Round "6"]
[White "Feng, Maggie"]
[Black "Samadashvili, Martha"]
[Result "1/2-1/2"]
[WhiteElo "2236"]
[BlackElo "2040"]
[Annotator "TA"]
[PlyCount "86"]
[EventDate "2018.07.12"]
[EventType "tourn"]
[EventCountry "USA"]
[SourceTitle "playchess.com"]
[Source "ChessBase"]
[SourceQuality "1"]

{[%evp 20,86,8,4,22,24,27,23,33,30,31,25,50,42,51,42,59,2,46,45,56,17,41,39,46,42,55,36,26,35,25,31,45,23,38,35,59,31,40,25,43,20,22,0,0,0,0,0,0,0,0,0,0,0,0,0,0,0,0,0,0,0,0,0,0,0,0,0,0]} 1. Nf3 {Krasenkow,M} d5 2. g3 g6 3. Bg2 Bg7 4. d4 Nd7 5. c4 dxc4 6. Qa4 Ngf6 7. O-O O-O 8. Qxc4 Nb6 {D73: Fianchetto Grünfeld: 5 Nf3} 9. Qb3 Be6 10. Qd1 c6 11. Nc3 {LiveBook: 3 Games} Bd5 $146 ({Predecessor:} 11... Nbd5 12. Na4 Ne4 13. Ne5 Ndf6 14. f3 Nd6 15. Nc5 Bc8 16. e4 b6 17. Ncd3 Bb7 18. Be3 Nb5 19. Qa4 Nd7 {1-0 (54) Sargissian,G (2658)-Svidler,P (2740) Rogaska Slatina 2011 CBM 145 [Krasenkow,M]}) 12. Nxd5 cxd5 13. b3 Ne4 14. Bb2 e6 15. Ne5 f5 16. f3 Nd6 17. Qd2 Nd7 18. Qb4 (18. Rfc1 $14) 18... Qb6 19. Qxb6 Nxb6 20. Rac1 Rfc8 21. Kf2 Rxc1 22. Rxc1 Rc8 23. e3 Rxc1 24. Bxc1 Bxe5 25. dxe5 $14 {[%mdl 4096] Endgame KBB-KNN} Nf7 26. Bb2 Nd7 27. f4 Kf8 28. Bd4 a6 29. h3 Nd8 30. g4 Nc6 {The position is equal.} 31. Bb2 Nb4 32. Ba3 a5 33. Ke2 Kf7 34. Bxb4 axb4 $11 {KB-KN} 35. g5 Nc5 36. Kd2 Ke7 37. h4 b6 38. Bf3 Na6 39. Kc2 Nc7 40. Kb2 Nb5 41. Be2 Nc3 42. Bf3 Nb5 43. Be2 Nc3 {Precision: White = 53%, Black = 70%.} 1/2-1/2

[Event "USA-ch Junior Girls 2018"]
[Site "Saint Louis"]
[Date "2018.07.18"]
[Round "6"]
[White "Wu, Rochelle"]
[Black "Cervantes Landeiro, Thalia"]
[Result "1-0"]
[WhiteElo "2110"]
[BlackElo "2208"]
[Annotator "TA"]
[PlyCount "77"]
[EventDate "2018.07.12"]
[EventType "tourn"]
[EventCountry "USA"]
[SourceTitle "playchess.com"]
[Source "ChessBase"]
[SourceQuality "1"]

{[%evp 26,77,48,63,48,58,62,48,64,60,64,49,70,83,64,64,95,95,111,104,144,142,197,175,212,176,239,218,219,213,200,83,75,76,77,35,102,116,237,263,218,200,460,453,448,422,418,397,29995,29984,29984,29985,29979,29950]} 1. d4 Nf6 2. c4 g6 3. f3 d5 4. cxd5 Nxd5 5. e4 Nb6 6. Nc3 Bg7 7. Be3 O-O 8. Qd2 Nc6 9. O-O-O f5 {D70: Grünfeld: Unusual White 3rd moves (met by ...d5)} (9... Qd6 10. Kb1 Rd8 11. Nb5 Qd7 12. d5 a6 13. Nc3 Qe8 14. Qc1 Na5 15. h4 e6 16. Bf4 Rd7 17. Bh6 Bxh6 18. Qxh6 exd5 {½-½ (35) Aronian,L (2809)-Svidler,P (2749) Geneva 2017}) 10. e5 Nb4 11. Nh3 Be6 12. Kb1 Qd7 13. Nf4 Rfd8 14. a3 {LiveBook: 8 Games} a5 15. d5 (15. axb4 axb4 16. Bb5 c6 $17) 15... N4xd5 16. Ncxd5 Nxd5 17. Bc4 c6 $146 {[#]} 18. Bb6 $1 {[%cal Rb6d8][%mdl 512]} Re8 (18... Nxb6 19. Bxe6+) 19. Nxe6 Qxe6 20. f4 $36 {[%cal Rc4d5][%mdl 2048] White has the initiative.} Qf7 21. Bxd5 cxd5 22. Qxd5 e6 23. Qb5 a4 (23... Re7 $16 24. Bxa5 Qe8 25. Qxe8+ Rexe8) 24. Rd4 $18 g5 25. Rd7 ({Don't play} 25. fxg5 $6 f4 $16) ({Resist} 25. Rxa4 $6 Rxa4 26. Qxa4 gxf4 $14) 25... Re7 (25... Qh5 $142) 26. Rhd1 $1 Rxd7 27. Rxd7 Qe8 28. g3 (28. fxg5 $18 Bxe5 29. h4) 28... gxf4 $16 29. gxf4 Bh6 30. Ba5 Bxf4 (30... b6 $1 $14 31. Bd2 (31. Bxb6 Bxf4 32. Bc7 Bxh2 $14) 31... Rd8 32. Rxd8 Qxd8) 31. Qxb7 {White wants to mate with Rg7+.} Bxe5 {[#]} (31... Rxa5 $16 {is a better defense.} 32. Rg7+ Kf8) 32. Re7 $1 $18 {[%cal Re7e8]} Qf8 {[#]} 33. Bb4 $1 {[%mdl 1024] Threatens to win with Qg2+. White has strong compensation.} Qc8 $2 (33... Rb8 34. Qg2+ Bg7) 34. Qg2+ Kh8 35. Qh3 {[%csl Ge7][%cal Rh3h7]} Bg7 36. Bc3 Qg8 $2 (36... Qd8 $18 37. Bxg7+ Kg8) 37. Bxg7+ {White mates.} Qxg7 38. Rxg7 Kxg7 39. Qg2+ {Precision: White = 85%, Black = 29%.} 1-0

[Event "USA-ch Junior Girls 2018"]
[Site "Saint Louis"]
[Date "2018.07.18"]
[Round "6"]
[White "Vittal, Sanjana"]
[Black "Nguyen, Emily"]
[Result "0-1"]
[WhiteElo "1947"]
[BlackElo "2215"]
[Annotator "TA"]
[PlyCount "86"]
[EventDate "2018.07.12"]
[EventType "tourn"]
[EventCountry "USA"]
[SourceTitle "playchess.com"]
[Source "ChessBase"]
[SourceQuality "1"]

{[%evp 21,86,19,44,16,18,10,37,27,30,-133,-156,-155,-148,-240,-268,-237,-243,-253,-164,-135,-68,-212,-89,-101,-104,-162,-138,-135,-97,-116,-122,-127,-110,-241,-237,-276,-289,-316,-316,-441,-459,-456,-460,-447,-450,-543,-546,-552,-554,-543,-512,-848,-506,-29989,-29990,-29990,-29991,-29991,-29990,-29990,-29977,-29977,-29977,-29977,-29977,-29962,-6829]} 1. e4 c5 2. Nf3 e6 3. d4 cxd4 4. Nxd4 Nf6 5. Nc3 d6 6. g4 h6 7. h4 Nc6 8. Rg1 d5 9. exd5 Nxd5 {B81: Sicilian Scheveningen: Keres Attack} 10. Nxd5 Qxd5 (10... exd5 11. Be3 Qxh4 12. Qf3 Nxd4 13. Bxd4 Qe7+ 14. Be2 Qe4 15. Qc3 Be6 16. f3 Qf4 17. Be5 Qa4 18. b3 Qb4 19. Bxg7 Rg8 20. Bd4 Qxc3+ 21. Bxc3 h5 {½-½ (21) Maze,S (2615)-Duda,J (2724) Brest 2018}) 11. Be3 Bd7 {LiveBook: 6 Games. The position is equal.} 12. Bg2 Qa5+ 13. c3 Rd8 $146 ({Predecessor:} 13... Be7 14. g5 hxg5 15. hxg5 Nxd4 16. Qxd4 e5 17. Qd5 Qxd5 18. Bxd5 {½-½ (34) Roganovic,M (2474)-Tompa,J (2406) Hungary 2009}) 14. Nb3 Qa6 15. Nc5 $2 (15. Bf1 $11 Qa4 16. Nc5 Qxd1+ 17. Rxd1) 15... Bxc5 $1 $17 16. Bxc5 Ne5 $1 {[%cal Re5d3] Strongly threatening ...Nd3+.} 17. Bd4 (17. Qd6 $17 {was the only defense.} Nd3+ 18. Kd2 Nxc5 19. Qxc5) 17... Nd3+ $19 18. Kd2 Nxb2 19. Qb3 Nc4+ ({Resist} 19... Qd3+ 20. Kc1 $17) 20. Kc1 Na5 ({Better is} 20... b5 $17 {Threatens to win with ...e5.} 21. Bf1 O-O) 21. Qc2 {[#]} (21. Qa3 $15 Rg8 22. Bf1) 21... Kf8 (21... e5 $1 $19 {[%mdl 512] is more deadly.} 22. Bxe5 O-O) 22. Bf1 Qd6 23. Qe2 (23. Be2 $17) 23... Nc6 $36 {[%mdl 2048] Black is on the roll.} 24. Be3 Rc8 {White must now prevent ...Ne5.} 25. Qd2 Qa3+ 26. Qb2 {[#]} Qa5 $1 27. f4 (27. Qb3 $17 {might work better.}) 27... Ne7 28. Bd2 Qc5 29. Rg2 Bc6 30. Be1 Bxg2 31. Bxg2 Nd5 32. Bxd5 Qxd5 ({Don't do} 32... exd5 33. Rb1 $19) 33. Qb4+ Kg8 34. Rb1 b6 35. Qa4 Qf3 36. Qxa7 (36. Kb2 $142) 36... Qxf4+ 37. Bd2 (37. Kb2 $19) 37... Rxc3+ {Black mates.} 38. Kb2 Qxd2+ 39. Ka1 Rc1 {[%cal Rd2d4]} 40. Qxb6 Qc3+ 41. Qb2 Qxb2+ 42. Kxb2 Rxb1+ 43. Kxb1 Kf8 {Precision: White = 35%, Black = 54%.} (43... Kh7 $142 44. g5 hxg5 45. hxg5 Rc8 46. a3 e5 47. Kb2 e4 48. a4 e3 49. Kb1 e2 50. Ka2 e1=Q 51. g6+ fxg6 52. Ka3 Rb8 53. Ka2 Qf2+ 54. Ka3 Qb2#) 0-1

[Event "USA-ch Junior Girls 2018"]
[Site "Saint Louis"]
[Date "2018.07.19"]
[Round "7"]
[White "Nguyen, Emily"]
[Black "Feng, Maggie"]
[Result "1-0"]
[WhiteElo "2215"]
[BlackElo "2236"]
[Annotator "TA"]
[PlyCount "165"]
[EventDate "2018.07.12"]
[EventType "tourn"]
[EventCountry "USA"]
[SourceTitle "playchess.com"]
[Source "ChessBase"]
[SourceQuality "1"]

{[%evp 14,164,29,10,21,13,14,24,54,54,56,63,91,97,98,88,97,58,100,88,69,60,181,84,79,84,76,75,82,81,84,87,79,79,78,77,73,72,88,85,77,61,97,96,107,100,100,100,115,93,172,170,169,163,195,195,195,188,195,177,177,175,175,175,172,168,168,168,168,0,168,168,168,168,179,183,206,155,211,216,258,262,421,412,387,430,385,296,715,309,514,0,650,495,681,597,564,775,761,895,769,726,6203,10120,3221,2398,29979,29980,5635,2660,6644,3506,29983,29985,29983,29984,29986,29987,29988,29966,29988,29989,29989,29987,29987,29988,29988,29989,29989,29990,29990,29990,29991,29991,29992,29992,29993,29992,29992,29993,29993,29994,29995,29996,29996,29997,29998,29997,29998,29998,29998,29999,29999]} 1. d4 e6 2. e4 d5 3. Nd2 Nf6 4. e5 Nfd7 5. Bd3 c5 6. c3 b6 7. Ne2 Ba6 8. Bc2 {LiveBook: 3 Partien} cxd4 {C06: Französische Verteidigung (Tarrasch-Variante)} 9. cxd4 Nc6 {...Lxe2 ist eine echte Drohung.} 10. Nf3 $1 Nb4 {Weiß hat minimalen Vorteil.} (10... Qc7 11. O-O Rc8 12. Ba4 b5 13. Bb3 b4 14. Re1 Be7 15. Nf4 O-O 16. h4 {1-0 (53) Escobar Forero,A (2477)-Rodriguez Vila,A (2547) Cali 2007}) 11. Bb1 Qc7 12. a3 Bxe2 13. Kxe2 Qc4+ {[#]} 14. Ke3 $1 g6 $146 ({Vorgänger:} 14... Qa6 15. Bd2 Nc6 16. Bd3 {1-0 (47) Petrov,A (2157)-Sviridova,O (1993) Tambov 2012}) 15. h4 Bh6+ 16. Ng5 Nc6 17. f4 Ne7 (17... O-O $14) 18. g4 (18. Nf3 $18 {ist viel giftiger.}) 18... f6 $16 19. exf6 Nxf6 20. Bd3 ({Natürlich nicht} 20. Nxe6 Qc8 $15) 20... Qc6 21. Kf3 {zielt auf De2 ab.} O-O {[#]} 22. Qe2 $1 {[%cal Re2e6]} Bxg5 23. hxg5 Ne4 24. Bxe4 dxe4+ 25. Qxe4 Nd5 26. Bd2 Rf7 27. Kg3 Raf8 28. Rhf1 Re7 29. Rae1 Qb5 30. Re2 Rc8 31. Rfe1 Qb3+ (31... a5 $16) 32. Qf3 $18 Qxf3+ 33. Kxf3 Rc2 34. Bc3 Rxe2 35. Rxe2 {[%mdl 4096] Endspiel KTL-KTS} Kf7 36. Rh2 Ke8 37. Ke4 Kd7 38. Be1 Rf7 39. Bg3 Ne7 40. Rf2 Rf8 41. Rh2 Rf7 $1 42. Rc2 Nd5 43. Rf2 Ne7 44. Rf3 a5 45. Be1 Kd6 (45... Nc8 $16 {war einen Versuch wert.} 46. Rc3 Nd6+ 47. Ke3 Rf8) 46. b4 a4 47. b5 Nd5 $2 (47... Kd7 48. Ke5 Nc8) 48. Bg3 Ke7 49. f5 gxf5+ 50. gxf5 Rf8 $2 (50... Ke8 51. Be5 (51. fxe6 Rxf3 52. Kxf3 Ke7 $16) 51... Nc7 52. Bxc7 exf5+ 53. Rxf5 Rxc7) 51. Bh4 (51. Be5 $142 Rf7 52. Rh3 Rxf5 53. Rxh7+ Kf8 54. g6 Nf6+ 55. Kd3) 51... Kd6 $2 (51... Ke8 {ist wohl besser.} 52. Bg3 (52. fxe6 Rxf3 53. Kxf3 Nc7 $18) 52... Rf7) 52. Bg3+ Ke7 53. Be1 Kd6 {Wenn Schwarz jetzt Zeit für ...exf5+ hätte...} 54. f6 Rf7 55. Bg3+ Kd7 56. Be5 Ke8 57. Bd6 Rd7 58. Ke5 Kf7 59. Rh3 Rd8 60. Rxh7+ Kg6 61. Rg7+ Kh5 62. f7 Nc3 63. f8=Q {Weiß setzt Matt.} Rxf8 64. Bxf8 Nxb5 65. Kf6 Nxd4 66. Rh7+ Kg4 67. g6 Nf5 68. g7 Nxg7 69. Rxg7+ Kf4 70. Kxe6 Ke4 71. Rg4+ Kf3 72. Rxa4 Ke3 73. Rb4 Kd3 74. Rxb6 Kc4 75. a4 Kd4 76. a5 Kc4 77. a6 Kd4 78. a7 Kc4 79. a8=Q Kd4 80. Qd5+ Kc3 81. Rb3+ Kc2 82. Qd3+ Kc1 83. Ba3# {Precision: Weiß = 73%, Schwarz = 50%.} 1-0

[Event "USA-ch Junior Girls 2018"]
[Site "Saint Louis"]
[Date "2018.07.19"]
[Round "7"]
[White "Cervantes Landeiro, Thalia"]
[Black "Vittal, Sanjana"]
[Result "1-0"]
[WhiteElo "2208"]
[BlackElo "1947"]
[Annotator "TA"]
[PlyCount "171"]
[EventDate "2018.07.12"]
[EventType "tourn"]
[EventCountry "USA"]
[SourceTitle "playchess.com"]
[Source "ChessBase"]
[SourceQuality "1"]

{[%evp 17,171,-19,0,-9,-3,-8,7,-19,-18,-18,-20,-25,-15,-15,-15,-22,-8,-27,-18,-22,-28,-31,-26,-34,-15,-16,0,0,27,0,0,-5,10,10,10,-8,0,0,8,15,45,14,18,10,46,43,66,66,59,59,81,81,74,74,74,74,74,74,74,74,74,74,74,67,66,0,74,59,66,66,157,157,157,157,157,156,157,157,157,157,157,157,157,157,157,157,157,157,157,157,157,157,170,177,198,180,180,184,304,301,504,509,488,487,502,477,548,522,765,738,958,952,947,943,919,896,905,940,911,893,1228,1215,6120,1154,5185,3870,6837,6283,5297,2018,1818,1313,29982,29983,29982,29983,29983,29983,29981,4642,29980,29978,29989,29990,29992,29993,29993,29987,29987,29988,29983,29984,29989,29990,29990,5481]} 1. d4 Nf6 2. c4 e6 3. Nc3 Bb4 4. e3 d5 5. cxd5 exd5 6. Bd3 O-O 7. Nge2 Re8 8. O-O Bd6 9. Bd2 {E48: Nimzo-Indian: Rubinstein: 5 Bd3 d5 including 6 Ne2, but excluding 6 a3} a6 {LiveBook: 10 Games} (9... Nbd7 10. Rc1 a6 11. Ng3 Nf8 12. Nf5 Bxf5 13. Bxf5 c6 14. f3 Ne6 15. Be1 c5 16. Kh1 cxd4 17. exd4 {½-½ (52) Navara,D (2739)-Kryvoruchko,Y (2714) Chartres 2017}) 10. a3 b6 $146 ({Predecessor:} 10... Nbd7 11. Qb3 Ne4 12. Be1 Nxc3 13. bxc3 Nf6 14. h3 b5 15. a4 Bd7 16. axb5 axb5 17. Rxa8 Qxa8 {1-0 (43) Aleksandrov,A (2568)-Yeritsyan,A (2114) St Petersburg 2016}) 11. b4 {The position is equal.} Bb7 12. Nf4 Nbd7 13. Qf3 {[%cal Rf4d5]} Ne4 14. Rfd1 Nxd2 15. Rxd2 Nf6 16. Rc2 Qd7 17. Kh1 {[%cal Rf4d5]} Bf8 18. Nh5 Nxh5 19. Qxh5 {[%csl Gd3][%cal Rh5h7]} g6 20. Qh4 Rac8 21. Ne2 Bg7 22. Rb1 Qd6 23. Rbc1 (23. Qg3 {keeps more tension.} Qd8 24. h4 c6 25. h5 Qf6 26. Qf4) 23... c6 24. Qg3 Qxg3 25. hxg3 Bf8 26. Nf4 Ra8 27. Be2 Bd6 28. Rb1 Re7 29. Nd3 Rc7 30. a4 Bc8 31. a5 b5 32. g4 Bd7 33. Nc5 Bxc5 34. Rxc5 Re8 35. Bf3 Rcc8 36. Rbc1 Kf8 37. Kg1 Kg7 38. Kf1 Kf6 39. g3 h6 40. Kg2 Kg7 41. Kf1 Kf6 $1 42. R1c3 Kg7 43. Ke2 f5 (43... Rcd8 $14) 44. gxf5 $16 gxf5 45. Rc1 Rh8 46. Kd3 Kf6 47. Rh1 Rcg8 48. Rh4 Ke7 49. Rc1 Rg6 50. Rch1 Kd6 51. Bh5 Rg7 52. Bd1 Rg6 53. Bc2 Ke7 54. Ke2 Kf7 55. Kf3 Kf6 56. Kf4 Kg7 57. Rh5 Rg5 (57... Rf8 $142 58. Bd3 Rgf6) 58. Ke5 $18 Kg6 $2 (58... Rg6 59. Bxf5 Bxf5 60. Rxf5 Rf8 61. Rxf8 Kxf8) 59. Rxg5+ Kxg5 {[%mdl 4096] Endgame KRB-KRB} 60. Kd6 Rh7 61. Kc5 Kf6 62. Kb6 Ke7 63. Kxa6 Kd6 64. Kb6 Rh8 65. a6 Rb8+ 66. Ka7 Rh8 67. Kb7 Bc8+ 68. Kb6 Rh7 {[#]} 69. g4 $1 {[%mdl 512]} Rh8 (69... fxg4 70. Bxh7) 70. Bxf5 (70. a7 $142 Bd7 {[#]} 71. Rxh6+ $1 {[%mdl 512]} Rxh6 72. a8=Q) 70... Bxf5 71. gxf5 {KR-KR} Rb8+ 72. Ka5 Rh8 73. Rg1 (73. a7 $142 Kc7 74. Rxh6 Rxh6 75. a8=Q) 73... h5 74. Rg6+ Kc7 75. Rg7+ Kd6 76. Kb6 h4 77. a7 h3 78. Rg1 (78. Rh7 $142 Rd8 79. Kb7 h2 80. a8=Q Rxa8 81. Kxa8 h1=Q 82. Rxh1 Ke7 83. Kb7) 78... h2 79. Rh1 {White mates.} Kd7 {[#]} 80. Rxh2 $1 {[%mdl 512]} Rxh2 81. a8=Q {KQ-KR} Ke7 82. Qb7+ Kf6 83. Qxc6+ Kxf5 84. Qxd5+ Kg4 85. Qe4+ Kh3 86. Qf3+ {Precision: White = 62%, Black = 43%.} 1-0